| 000 | 00431nam a22001337a 4500 | ||
|---|---|---|---|
| 022 | _a0821327534 | ||
| 082 |
_a363.7392 _bBAT _cD |
||
| 100 |
_aRobin Bates., _938192 |
||
| 245 |
_aAlternative polices for the control of air pollution in poland/ _cRobin Bates, Janusz Cofala. Michael Toman |
||
| 260 |
_aWashington: _bThe World Bank, _cc1994. |
||
| 300 | _aix, 73 p. : | ||
| 526 |
_a0 _b0 _c0 _d363_739200000000000_BAT |
||
| 942 |
_2ddc _cBK |
||
| 999 |
_c542839 _d542839 |
||